000 00813nam a2200205Ii 4500
003 JO-AjNU
008 230605s9999||||xx |||||||||||||| ||und||
040 _aJO-AjNU
_bara
_erda
_cJO-AjNU
041 _aara
050 1 4 _aDS99.M4.I2658 1985
100 3 _aابن طولون، سمش الدين محمد بن علي؛ تحقيق حمادة، محمد عمر؛ تقديم سلطاني، علي ,
_eauthor
_914519
245 0 0 _aتاريخ المزة وآثارها وفيه المعزة فيما قيل في المزة
250 _aط1
264 3 1 _aدمشق: دارقتيبة، 1985
300 _a159ص
336 _atext
_btxt
_2rdacontent
337 _aunmediated
_bn
_2rdamedia
338 _avolume
_bnc
_2rdacarrier
650 4 _aدمشق- تاريخ، سوريا- تاريخ، المزة- تاريخ
_914520
999 _aA3891
_c7459
_d7459